Southville International School and Colleges
Your cart is empty.
  • Cart
  • Lists
    Public lists Eva Luna New books Lux_list list_1
    Your lists Log in to create your own lists
  • Log in to your account
  • Your cookies
  • Search history
Southville International School and Colleges
  • Advanced search
  • Recent comments
  • Most popular
  • Libraries

Log in to your account

Log in with GOOGLE


If you do not have an external account, but do have a local account, you can still log in:

  1. Home
  2. MARC view: Cambridge IGCSE :
Normal view MARC view ISBD view

Cambridge IGCSE : (Record no. 305108)

[ view plain ]
MARC details
000 -LEADER
fixed length control field 00612nam a22001817a 4500
003 - CONTROL NUMBER IDENTIFIER
control field SISC
005 - DATE AND TIME OF LATEST TRANSACTION
control field 20160920091959.0
008 - FIXED-LENGTH DATA ELEMENTS--GENERAL INFORMATION
fixed length control field 160920b xxu||||| |||| 00| 0 eng d
020 ## - INTERNATIONAL STANDARD BOOK NUMBER
International Standard Book Number 9781444180954
050 ## - LIBRARY OF CONGRESS CALL NUMBER
Classification number PC 2119 .G862 2013
100 ## - MAIN ENTRY--PERSONAL NAME
Personal name Grime, Yvette
245 ## - TITLE STATEMENT
Title Cambridge IGCSE :
Remainder of title french foreign language
Statement of responsibility, etc Yvette Grime, Jayn Witt
260 ## - PUBLICATION, DISTRIBUTION, ETC. (IMPRINT)
Place of publication, distribution, etc London :
Name of publisher, distributor, etc Hodder Education
Date of publication, distribution, etc 2013
300 ## - PHYSICAL DESCRIPTION
Extent 250 pages.,
Other physical details colored illustrations.,
Dimensions 27 cm.
650 ## - SUBJECT ADDED ENTRY--TOPICAL TERM
Topical term or geographic name as entry element French language -- Study and teaching (Secondary)
650 ## - SUBJECT ADDED ENTRY--TOPICAL TERM
Topical term or geographic name as entry element French language -- Study and teaching -- Foreign speakers.
942 ## - ADDED ENTRY ELEMENTS (KOHA)
Source of classification or shelving scheme Library of Congress Classification
Koha item type Books
Holdings
Withdrawn status Lost status Source of classification or shelving scheme Damaged status Home library Current library Shelving location Date acquired Source of acquisition Sub Shelving location Total Checkouts Total Renewals Full call number Barcode Date last seen Date checked out Price effective from Koha item type
    Library of Congress Classification   Luxembourg Library Luxembourg Library Teachers Reference Section 09/20/2016 Library Fund   4 5 PC 2119 .G862 2013 20316 11/23/2018 07/24/2018 09/20/2016 Books

Cambridge IGCSE :

APA

Grime Y., . (2013). Cambridge IGCSE. London: Hodder Education.

Chicago

Grime Yvette, . 2013. Cambridge IGCSE. London: Hodder Education.

Harvard

Grime Y., . (2013). Cambridge IGCSE. London: Hodder Education.

MLA

Grime Yvette, . Cambridge IGCSE. London: Hodder Education. 2013.

  • Place hold
  • Print
  • Cite
  • Add to your cart (remove)
  • Save record
    BIBTEX Dublin Core MARCXML MARC (non-Unicode/MARC-8) MARC (Unicode/UTF-8) MARC (Unicode/UTF-8, Standard) MODS (XML) RIS
  • More searches
    Search for this title in:
    Other Libraries (WorldCat) Other Databases (Google Scholar) Online Stores (Bookfinder.com) Open Library (openlibrary.org)

Exporting to Dublin Core...

SOUTHVILLE LIBRARY

Southville International School and Colleges Library

1281 Tropical Ave. Cor. Luxembourg St., BF Homes International, Las Pinas City

Tel. No. 8256374 / 252358 Loc. 117/146

Powered by Koha